Радиоактивность и радиоактивные элементы в среде обитания человека: материалы IV Международной конференции, 4-8 июня 2013 г., г. Томск
| Enti autori: | , , , , , , |
|---|---|
| Altri autori: | |
| Riassunto: | Заглавие с титульного экрана В сборнике докладов конференции обсуждаются актуальные проблемы, связанные с явлением радиоактивности, распространением естественных и техногенных радионуклидов в различных природных средах. Приводятся данные по радиоэкологическому состоянию отдельных территорий, методам анализа радионуклидов. Освещаются вопросы влияния радиоактивности и радиоактивных элементов на биоту и человека, проблемы оценки дозовых нагрузок. Сборник представляет интерес для геологов, геохимиков, биологов, медиков, экологов и других специалистов, интересующихся проблемами радиогеологии, радиогеохимии, радиоэкологии |
| Lingua: | russo inglese |
| Pubblicazione: |
Томск, Изд-во ТПУ, 2013
|
| Soggetti: | |
| Accesso online: | http://www.lib.tpu.ru/fulltext/c/2013/C33/C33.pdf |
| Natura: | MixedMaterials Elettronico Libro |
| KOHA link: | https://koha.lib.tpu.ru/cgi-bin/koha/opac-detail.pl?biblionumber=242185 |
MARC
| LEADER | 00000nlm0a2200000 4500 | ||
|---|---|---|---|
| 001 | 242185 | ||
| 005 | 20231101231857.0 | ||
| 035 | |a (RuTPU)RU\TPU\book\263484 | ||
| 035 | |a RU\TPU\book\262947 | ||
| 090 | |a 242185 | ||
| 100 | |a 20130828d2013 k y0rusy50 ca | ||
| 101 | 0 | |a rus |a eng | |
| 102 | |a RU | ||
| 105 | |a a z 101zy | ||
| 135 | |a drcn ---uucaa | ||
| 181 | 0 | |a i | |
| 182 | 0 | |a b | |
| 200 | 1 | |a Радиоактивность и радиоактивные элементы в среде обитания человека |b Электронный ресурс |e материалы IV Международной конференции, 4-8 июня 2013 г., г. Томск |f Национальный исследовательский Томский политехнический университет (ТПУ) ; Российская академия наук (РАН), Сибирское отделение (СО), Институт геологии и минералогии ; Зарубежгеология, Открытое Акционерное Общество ; Российское геологическое общество (РосГео), Томское региональное отделение (ТРО) ; Волковгеология ; Казатомпром ; под ред. Л. П. Рихванова | |
| 203 | |a Текст |c электронный | ||
| 210 | |a Томск |c Изд-во ТПУ |d 2013 | ||
| 230 | |a 1 компьютерный файл (pdf; 16.1 MB) | ||
| 300 | |a Заглавие с титульного экрана | ||
| 330 | |a В сборнике докладов конференции обсуждаются актуальные проблемы, связанные с явлением радиоактивности, распространением естественных и техногенных радионуклидов в различных природных средах. Приводятся данные по радиоэкологическому состоянию отдельных территорий, методам анализа радионуклидов. Освещаются вопросы влияния радиоактивности и радиоактивных элементов на биоту и человека, проблемы оценки дозовых нагрузок. Сборник представляет интерес для геологов, геохимиков, биологов, медиков, экологов и других специалистов, интересующихся проблемами радиогеологии, радиогеохимии, радиоэкологии | ||
| 337 | |a Adobe Reader | ||
| 452 | 1 | |0 (RuTPU)RU\TPU\book\262775 |y 978-5-4387-0238-2 |t Радиоактивность и радиоактивные элементы в среде обитания человека |o материалы IV Международной конференции, 4-8 июня 2013 г., г. Томск |f Национальный исследовательский Томский политехнический университет (ТПУ) ; Российская академия наук (РАН), Сибирское отделение (СО), Институт геологии и минералогии ; Зарубежгеология, Открытое Акционерное Общество ; Российское геологическое общество (РосГео), Томское региональное отделение (ТРО) ; Волковгеология ; Казатомпром ; под ред. Л. П. Рихванова |c Томск |n Изд-во ТПУ |d 2013 |p 621 с. | |
| 606 | |a Радиоактивные элементы |x Геохимия |2 stltpush |3 (RuTPU)RU\TPU\subj\22440 |9 47198 | ||
| 606 | |a Радиоэкология |2 stltpush |3 (RuTPU)RU\TPU\subj\23334 |9 47947 | ||
| 610 | 1 | |a электронный ресурс | |
| 610 | 1 | |a конференции | |
| 610 | 1 | |a труды учёных ТПУ | |
| 610 | 1 | |a радиоактивность | |
| 610 | 1 | |a естественные радионуклиды | |
| 610 | 1 | |a техногенные радионуклиды | |
| 610 | 1 | |a человек | |
| 610 | 1 | |a биота | |
| 610 | 1 | |a среда обитания | |
| 610 | 1 | |a дозовые нагрузки | |
| 610 | 1 | |a радиоэкологическое состояние | |
| 610 | 1 | |a научные доклады | |
| 675 | |a 550.42:546.7(063) |v 3 | ||
| 675 | |a 557.346:574(063) |v 3 | ||
| 702 | 1 | |a Рихванов |b Л. П. |c российский ученый, геолог |c профессор Томского политехнического университета, доктор геолого-минералогических наук |c заслуженный геолог РФ |c почетный работник высшего образования РФ |f 1945- |g Леонид Петрович |2 stltpush |3 (RuTPU)RU\TPU\pers\23187 |4 340 | |
| 712 | 0 | 2 | |a Национальный исследовательский Томский политехнический университет (ТПУ) |c (2009- ) |2 stltpush |3 (RuTPU)RU\TPU\col\15902 |
| 712 | 0 | 2 | |a Российская академия наук (РАН) |b Сибирское отделение (СО) |b Институт геологии и минералогии |2 stltpush |3 (RuTPU)RU\TPU\col\11925 |
| 712 | 0 | 2 | |a Зарубежгеология |b Открытое Акционерное Общество |c (Москва) |2 stltpush |3 (RuTPU)RU\TPU\col\18870 |9 27237 |
| 712 | 0 | 2 | |a Российское геологическое общество (РосГео) |b Томское региональное отделение (ТРО) |2 stltpush |3 (RuTPU)RU\TPU\col\18853 |
| 712 | 0 | 2 | |a Волковгеология |c Акционерное общество |c (Алматы) |2 stltpush |3 (RuTPU)RU\TPU\col\13964 |9 25838 |
| 712 | 0 | 2 | |a Казатомпром |c Национальная атомная компания |c (Казахстан) |2 stltpush |3 (RuTPU)RU\TPU\col\18871 |
| 712 | 1 | 2 | |a Радиоактивность и радиоактивные элементы в среде обитания человека |b конференция |d 4 |e Томск |f 2013 |
| 801 | 2 | |a RU |b 63413507 |c 20131120 |g RCR | |
| 856 | 4 | |u http://www.lib.tpu.ru/fulltext/c/2013/C33/C33.pdf | |
| 942 | |c CF | ||